00330nam a22000977a 4500008004100000082001700041110000800058245013100066260002600197300000900223230609b xxu||||| |||| 00| 0 eng d a354.676bGOK bGOK a2010/2011 Estimates Development Expenditure of the GOK for the year ending 30th June,2011bVolume 1cVotes D01-D20hJune 2010 aKenyabGOKcJune 2010 a551p